| 000 | 00502nam a2200145 i 4500 | ||
|---|---|---|---|
| 001 | 33928 | ||
| 003 | ES-MaACL | ||
| 007 | t| | ||
| 008 | 030203s1934 sp ||||1| spa d | ||
| 100 | 1 |
_aBlanc y Fortacín, José. _929119 |
|
| 245 | 1 | 0 |
_aBiblioteca de vulgarización médica _b: las fracturas : lo que debe hacerse y lo que no debe hacerse por / _cJosé Blanc y Fortacín. |
| 260 |
_aMadrid : _b[s.n., _c1934] ( _fGráficas Uguina) |
||
| 300 |
_a111 p. ; _c18 cm. |
||
| 852 |
_aES-MaACL _jB-9746 _bR.18525 |
||
| 999 |
_c33928 _d33928 |
||